| 000 | 00766nam a2200217 i 4500 | ||
|---|---|---|---|
| 001 | 60127 | ||
| 003 | ES-MaACL | ||
| 005 | 20250930063055.0 | ||
| 007 | t| | ||
| 008 | 031103s1973 sp ||||1| spa d | ||
| 080 | _a821.134.2 Larra, Mariano José 1.06 | ||
| 100 | 1 |
_aEscobar, José, _d1933- _9144167 |
|
| 245 | 1 | 4 |
_aLos orígenes de la obra de Larra / _cJosé Escobar. |
| 260 |
_a[Madrid] : _bPrensa Española, _c1973. |
||
| 300 |
_a359 p. ; _c18 cm. |
||
| 490 | 1 |
_aEl Soto. Estudios de Crítica y Filosofía ; _v23 |
|
| 600 | 1 | 7 |
_aLarra, Mariano José de, _d1809-1837- _xCrítica e interpretación _2 _9140327 |
| 830 | 0 |
_aEl Soto. Estudios de Crítica y Filosofía ; _v23 _9226328 |
|
| 852 |
_aES-MaACL _jC-55841 _bR.88630 |
||
| 999 |
_c60127 _d60127 |
||